عرض عادي عرض مارك
  • North, Sarah,

مدخل إسم شخص

عدد التسجيلات المستخدمة في: 1

001 - رقم الضبط

  • حقل الضبط: 18231

003 - معرف رقم الضبط

  • حقل الضبط: OSt

005 - تاريخ ووقت أخر عملية

  • حقل الضبط: 20121215135720.0

008 - عناصر بيانات ثابتة الطول

  • حقل تحكم ثابت الطول: 121215|||a|||||| | ||| d

040 ## - مصدر الفهرسة

  • هيئة الفهرسة الأصلية: OSt
  • وكالة الكتابة: OSt

100 ## - مدخل -- أسم شخص

  • إسم شخص: North, Sarah,
  • تواريخ مرتبطة بالاسم: 1951-

670 ## - بيانات المصدر موجوده

  • الاستشهاد بالمصدر: Work cat.: (OSt)0: Applied linguistics in action :, 2010.